Soil science: methods and applications (Record no. 76639)
[ view plain ]
| 000 -LEADER | |
|---|---|
| fixed length control field | 00862nam a2200205 a 4500 |
| 008 - FIXED-LENGTH DATA ELEMENTS--GENERAL INFORMATION | |
| fixed length control field | 120416s1994 ||||||||||||||||| || u |
| 020 ## - INTERNATIONAL STANDARD BOOK NUMBER | |
| International Standard Book Number | 0582087848 |
| 020 ## - INTERNATIONAL STANDARD BOOK NUMBER | |
| International Standard Book Number | 0582087848 |
| 050 ## - LIBRARY OF CONGRESS CALL NUMBER | |
| Classification number | S 591 Row |
| 100 ## - MAIN ENTRY--PERSONAL NAME | |
| Personal name | Rowell, David L., 1937- |
| 245 10 - TITLE STATEMENT | |
| Title | Soil science: methods and applications |
| Statement of responsibility, etc. | David L. Rowell |
| 260 ## - PUBLICATION, DISTRIBUTION, ETC. | |
| Place of publication, distribution, etc. | London: |
| Name of publisher, distributor, etc. | Longman Scientific & Technical Wiley |
| Date of publication, distribution, etc. | 1994 |
| 300 ## - PHYSICAL DESCRIPTION | |
| Extent | [x], 350p.: ill. |
| 350 ## - | |
| -- | 0.00 |
| 500 ## - GENERAL NOTE | |
| General note | Includes bibliographical references (p. 338-344) and index. |
| 650 ## - SUBJECT ADDED ENTRY--TOPICAL TERM | |
| Topical term or geographic name entry element | SOILS |
| 650 #0 - SUBJECT ADDED ENTRY--TOPICAL TERM | |
| Topical term or geographic name entry element | SOIL SCIENCE |
| 995 ## - | |
| -- | BINDERY (DAMAGED) |
| -- | 0.00 |
| -- | 728858 |
| -- | CBU-MAIN LIBRARY (Kitwe) |
| -- | 2 |
| -- | 21.99 |
| -- | S 591 Row |
| -- | 4 |
| -- | DAMAGED |
| -- | 020706 |
| -- | Main Library Open Access Collection |
| 995 ## - | |
| -- | MAIN LIBRARY OPEN ACCESS |
| -- | 0.00 |
| -- | 728857 |
| -- | CBU-MAIN LIBRARY (Kitwe) |
| -- | 1 |
| -- | 21.99 |
| -- | S 591 Row |
| -- | 2 |
| -- | AVAILABLE |
| -- | 020711 |
| -- | Main Library Open Access Collection |
| 999 ## - | |
| -- | 76639 |
| -- | 76639 |
| Withdrawn status | Lost status | Source of classification or shelving scheme | Damaged status | Not for loan | Permanent Location | Current Location | Shelving location | Date acquired | Total Checkouts | Full call number | Barcode | Date last seen | Copy number | Price effective from | Koha item type | Date last checked out |
|---|---|---|---|---|---|---|---|---|---|---|---|---|---|---|---|---|
| CBU-MAIN LIBRARY, KITWE. | CBU-MAIN LIBRARY, KITWE. | 04/25/2023 | S 591 Row | 020706 | 04/25/2023 | 1 | 04/25/2023 | MONOGRAPH | ||||||||
| CBU-MAIN LIBRARY, KITWE. | CBU-MAIN LIBRARY, KITWE. | 04/25/2023 | 1 | S 591 Row | 020711 | 04/30/2024 | 2 | 04/25/2023 | MONOGRAPH | 04/16/2024 |